| 000 | 00687nam a2200229 i 4500 | ||
|---|---|---|---|
| 001 | 75932 | ||
| 003 | ES-MaACL | ||
| 005 | 20240503110111.0 | ||
| 007 | t| | ||
| 008 | 040928s1979 sp ||||1| spa d | ||
| 080 | _a821.134.2-14"19"(082.2) | ||
| 245 | 0 | 3 |
_aEl grupo poético de 1927 _b: antología / _cpor Ángel González. |
| 250 | _a3ª ed. | ||
| 260 |
_a[Madrid] : _bTaurus, _c[1979] |
||
| 300 |
_a346 p. ; _c18 cm. |
||
| 490 | 1 |
_aTemas de España ; _v96 |
|
| 650 | 4 |
_aPoesías españolas- _yS.XX. _916221 |
|
| 700 | 1 |
_aGonzález, Ángel, _d1925-2008 _958280 |
|
| 830 | 0 |
_aTemas de España ; _v96 _9180759 |
|
| 852 |
_aES-MaACL _jA-10503 |
||
| 999 |
_c75932 _d75932 |
||